00377nam a2200157Ia 4500003000400000005001700004008004000021040000700061041000800068082001700076100001900093245006300112260002100175300001100196650001200207OSt20251209101711.0210210b2009 xxu||||| |||| 00| 0 eng d cAL aeng a891.462 KASJ aMark Kastelino aJentilancho apostal sam pavlb: Bible adharit konkni natak aManglurb-c2009 aiv,44p aviyanni